Responsabilidad profética de la Iglesia ante los desafíos del mundo actual (Record no. 498324)
[ view plain ]
| 000 -CABECERA | |
|---|---|
| Campo de control de longitud fija | 00526nab a2200145 4500 |
| 003 - IDENTIFICADOR DEL NÚMERO DE CONTROL | |
| Campo de control | ES-SlBCS |
| 005 - FECHA Y HORA DE LA ÚLTIMA TRANSACCIÓN | |
| Campo de control | 20210528011029.0 |
| 008 - CÓDIGOS DE INFORMACIÓN DE LONGITUD FIJA | |
| Campo de control de longitud fija | 140325s2014 sp ||||| |||| 00| 0 spa d |
| 040 ## - FUENTE DE LA CATALOGACIÓN | |
| Centro catalogador del origen | ES-SlBCS |
| Lengua de catalogación | spa |
| 100 10 - PUNTO DE ACCESO PRINCIPAL-NOMBRE DE PERSONA | |
| Nombre de persona | Espeja Pardo, Jesús |
| Títulos y otros términos asociados al nombre | (O.P.) |
| Fechas asociadas al nombre | (1932-) |
| 9 (RLIN) | 2939 |
| 245 10 - MENCIÓN DE TÍTULO | |
| Título | Responsabilidad profética de la Iglesia ante los desafíos del mundo actual |
| Mención de responsabilidad, etc. | Jesús Espeja Pardo |
| 610 24 - PUNTO DE ACCESO ADICIONAL DE MATERIA-NOMBRE DE ENTIDAD CORPORATIVA | |
| Nombre de entidad corporativa o nombre de jurisdicción como elemento inicial | Iglesia Católica |
| 9 (RLIN) | 1889 |
| 773 0# - ENLACE AL DOCUMENTO FUENTE | |
| Parte(s) relacionada(s) | Vol. 53, Nº 209, 2014, págs. 61-73 |
| Título | Selecciones de Teología |
| Número de control del registro relacionado | Rev424 |
| Número Internacional Normalizado para Publicaciones Seriadas (ISSN) | 0037-119X |
| 942 ## - ENTRADA DE ELEMENTOS AGREGADOS (KOHA) | |
| Fuente de clasificaión o esquema | |
| Koha [por defecto] tipo de item | Artículos de revista |
| Suprimido | Perdido | Fuente de clasificación o esquema | Estropeado | No para préstamo | Localización permanente | Localización actual | Localización en estantería | Fecha adquisición | Préstamos totales | Fecha última consulta | Fecha del precio de reemplazo | Tipo de item de Koha |
|---|---|---|---|---|---|---|---|---|---|---|---|---|
| San Esteban | San Esteban | Depósito de revistas | 25/03/2014 | 25/03/2014 | 25/03/2014 | Artículos de revista |
